Name that president - Statistics

General Stats
  • This quiz has been taken 22 times
  • The average score is 18 of 20
Answer Stats
Hint President % Correct
1) Born in a log cabin in rural Kentucky 1909,he was a crucial leader in the US Civil War and abolishment of slavery Abraham Lincoln
95%
9) Nicknamed "Ike", he was a 5 star general inEurope during WW2 Dwight Eisenhower
95%
2) Elected 4 times, he was president throughthe Great Depression and WW2 Franklin D Roosevelt
95%
4) First US president and commander of the Continental Army George Washington
95%
8) Revolutionary War founding father and 2ndpresident of the US John Adams
95%
17) Youngest president elected at 43, assassinated byLee Harvey Oswald John F Kennedy
95%
12) 6th president and eldest son of the 2nd president John Quincy Adams
95%
6) Resigned from office following the Watergatescandal and investigation Richard Nixon
95%
7) Former actor in the 1950s, he was presidentthroughout the 1980s Ronald Reagan
95%
11) 3rd US president and a primary author of the Declaration of Independence Thomas Jefferson
95%
5) General of the Union army in the Civil War,he became president after Johnson Ulysses Grant
95%
14) General in the War of 1812, this president iscontroversial due to his treatment towards Native Americans and its policies Andrew Jackson
90%
19) First African American to serve the presidency Barack Obama
90%
20) Controversial president caught in the infamous Monica Lewinsky scandal Bill Clinton
90%
16) Succeeded Roosevelt in 1945 and implementedthe Marshall Plan after WW2 Harry Truman
90%
18) Oldest living president until his death in 2024.He was also a humanitarian and Georgia governor Jimmy Carter
90%
3) Rough rider and pioneer of the PanamaCanal and National Park system Theodore Roosevelt
90%
10) He was the 25th president and later assassinated.Denali peak was formerly named after him William McKinley
90%
13) Founding father and primary author of the USConstitution James Madison
86%
15) He served the shortest term in office and was first todie in office William Henry Harrison
76%
No matching quizzes found
Score Distribution
Percent of People with Each Score
Percentile by Number Answered
Your Score History
You have not taken this quiz